[Event "ECF Schools-ch"]
[Site "Nottingham"]
[Date "2024.06.27"]
[Round "1.5"]
[White "Hartshorn, Harry"]
[Black "McCauley, Rohan Gb"]
[Result "1-0"]
[WhiteElo "1442"]
[BlackElo "1614"]
[PlyCount "110"]
[EventDate "2024.06.27"]
[EventType "team-swiss"]
[EventRounds "5"]
[EventCountry "ENG"]
[SourceTitle "EXT 2025"]
[Source "ChessBase"]
[SourceDate "2024.10.14"]
[SourceVersion "1"]
[SourceVersionDate "2024.10.14"]
[SourceQuality "1"]
[WhiteTeam "Woodbridge School"]
[BlackTeam "RGS Guildford"]
[WhiteTeamCountry "ENG"]
[BlackTeamCountry "ENG"]

1. d4 Nf6 2. c4 Nc6 3. Nc3 e5 4. d5 Ne7 5. e4 Ng6 6. a3 a5 7. Be3 b6 8. Nf3 Bc5 9. Bxc5 bxc5 10. Qc2 0-0 11. Be2 d6 12. 0-0 Ne8 13. Rab1 f5 14. exf5 Nf4 15. Bd3 Nxd3 16. Qxd3 Bxf5 17. Ne4 Nf6 18. Nfd2 Nxe4 19. Nxe4 Qh4 20. f3 Rf7 21. Rfe1 Raf8 22. Qd2 Bxe4 23. Rxe4 Rf4 24. Rxf4 Qxf4 25. Qxf4 Rxf4 26. Rc1 a4 27. Kf2 Kf7 28. g3 Rd4 29. Rc2 Kf6 30. g4 g5 31. Ke3 h6 32. Kf2 e4 33. fxe4 Rxe4 34. Kg3 Ke5 35. Rc3 Re2 36. b3 Kd4 37. Rf3 axb3 38. Rxb3 Re3+ 39. Rxe3 Kxe3 40. a4 Kd4 41. a5 Kxc4 42. a6 Kd3 43. a7 c4 44. a8Q c3 45. Qa6+ Kd2 46. Qa5 Kd3 47. Qa3 Kd2 48. Qb4 Kd3 49. Qb3 Kd2 50. Qb4 Kd3 51. Qb5+ Kd2 52. Qa5 Kd3 53. Qa3 Kd2 54. Kf2 c2 55. Qe3+ Kd1 1-0